000 00334nam a2200109Ia 4500
008 171211s9999 xx 000 0 und d
245 _aFrom Bach's Goldberg to Beethoven's Diabelli: Influence and Independence
245 _cAlfred Kanwischer
260 _c2014
650 _xART
856 _uhttp://down.ebook777.com/061/1442230630.pdf
999 _c348586
_d348586